Statistics for Find the Spelling #3

Click here to take the quiz!

General Stats

  • This quiz has been taken 75 times
  • The average score is 4 of 5

Answer Stats

QuestionAnswer% Correct
Which is correct?Weird
98%
Which is correct?Nauseous
97%
Which is correct?Kyrgyzstan
84%
Which is correctMisspell
76%
Which is correct?Embarrass
55%

Score Distribution

Percentile by Number Answered

Percent of People with Each Score

Your Score History

You have not taken this quiz